Регионална библиотека "Любен Каравелов" - Русе

Философски речник А - Я (Запис номер 9320)

MARC детайли
000 -Лидер
Контролно поле с фиксирана дължина 01831nam a2200361 c 4500
003 - Код на организацията, давaща контролен номер
Контролно поле BLK
005 - Дата и час на последна редакция
Контролно поле 20180420214420.0
008 - Елементи от данни с фиксирана дължина
fixed length control field 180412b bul|||||r ||||||| ||bul||
010 ## - Наследен системен номер
LC control number KNG00010732000
020 ## - Международен стандартен номер на книга ISBN
Международен стандартен номер на книга ISBN 954-8010-54-2
-- издат.: ГАЛ-ИКО
040 ## - Източник на каталожния запис
Идентификатор на билиотеката - собственик на записа BLK
041 ## - Код за език
Код за езика на текст/звукозапис или на отделно заглавие Български
Код за езика КДБФ Български
080 ## - УДК
Текстов определител УДК Общи работи. Философски науки в цялост
УДК код - определител по УДК 101
УДК определител (038)
УДК - код + определител 101(038)
100 1# - Редна дума - Автор
Автор Филатов, Владимир Петрович
Авторска отговорност първи автор
R(LIN) 254307
139 ## - Редно поле
Редна дума Филатов, Владимир Петрович и др.
Авторски знак Фил - Ф 49
245 10 - Сведения за заглавието
Заглавие Философски речник А - Я
Подзаглавни данни Съвр. философи ХIХ - XX в., школи, направления
Редно поле (дума) Владимир Петрович Филатов; съавт. Владимир Сергеевич Малахов; прев. от рус. Иванка Стъпова.
250 ## - Област на изданието
Сведения за изданието 2. изд.
257 ## - Страна на издаване
Страна на създаване/издаване СССР
260 ## - Област на издателските данни
-- София
Име на издателя, разпространителя и проч. ГАЛ-ИКО
Година на издаване 1996
300 ## - Физическа характеристика
Страници 600 с.
Размери/Мащаб 22 см
380 ## - Жанр
Жанр Философия
500 ## - Общи забележки
Забележка Ориг. загл. Современная западная философия. - Състав. отбелязани на гърба на загл. с. ; Други прев.: В. Полянов, Н. Обрешков, М. Георгиева, Ст. Пенов. - 1. изд. 1993. - Именен показалец. - Офс. изд. - 3 000 тир.
650 #4 - Допълнително описание по предмет – тема
Основно описание – тема или топоним Философия - речници
9 (RLIN) 254310
653 ## - Ключова дума – ненормативна
Ключова дума философия
653 ## - Ключова дума – ненормативна
Ключова дума речници
700 1# - Други автори (авторска отговорност)
Лично име Малахов, Владимир Сергеевич
Автороска отговорност (Описва отношението между автора и произведението) съавт.
9 (RLIN) 254308
700 1# - Други автори (авторска отговорност)
Лично име Стъпова, Иванка
Автороска отговорност (Описва отношението между автора и произведението) прев. от рус.
9 (RLIN) 254309
852 ## - Местоположение
Форматна сигнатура Цб 185333
856 4# - Електронен адрес и достъп
Електронен формат pdf - файл
Път до файла /url/
856 4# - Електронен адрес и достъп
Електронен формат pdf - файл
Път до файла /url/
942 ## - АРТИКУЛИ
Вид на библиотечния материал Книги
Скрит в OPAC Не
944 ## - СЪЗДАВАНЕ И РЕДАКЦИЯ на ЗАПИСА
Създаване/Редакция Създаване
Дата на регистрацията/редакция 15.01.2003
Служител, извършил регистрацията/редакцията Ренета_Константинова
944 ## - СЪЗДАВАНЕ И РЕДАКЦИЯ на ЗАПИСА
Създаване/Редакция Редакция
Дата на регистрацията/редакция 23.06.2011
Служител, извършил регистрацията/редакцията
999 ## - СИСТЕМНИ КОНТРОЛНИ НОМЕРА
Koha biblionumber 9320
Koha biblioitemnumber 9320
Наличности
Код за отписване Код за изгубен артикул Източник на класификационната схема Код за повреда Коз за рестрикции Код за отдаване Артикулен № Име на библиотеката - собственик Име на библиотеката, в която се намира в момента Статус (Текущо местоположение) Дата на вписване в системата Местоположение - отдел Цена в лева Инвентарен номер Систематично азбучна сигнатура Баркод Номер на екземпляра Цена в евро Служебна бележка Служебен тип на артикула
  Не е изгубен Universal Decimal Classification Не е повреден само за читалня ползва се в читалня 16176 Регионална библиотека "Любен Каравелов" Русе Регионална библиотека "Любен Каравелов" Русе СБИД 2001-01-01 СБИД 2.88 619031 С 1/Ф 49 120000619031 1 1.47 Дата инв: 05.06.2017 Бележки инв: С2017 Книги
  Не е изгубен Universal Decimal Classification Не е повреден без рестрикции ползва се в читалня 16177 Регионална библиотека "Любен Каравелов" Русе Регионална библиотека "Любен Каравелов" Русе Хранилище 2001-01-01 Хранилище 2.88 619745 Цб 185333 120000619745 2 1.47   Книги
  Не е изгубен Universal Decimal Classification Не е повреден без рестрикции ползва се в читалня 16178 Регионална библиотека "Любен Каравелов" Русе Регионална библиотека "Любен Каравелов" Русе Детски отдел - справочен фонд 2001-01-01 Детски отдел - справочен фонд 15.00 662718 СД 1/Ф 49 120000662718 3 7.67 Дата инв: 20.11.2017 Бележки инв: СД2017 Книги
Vip Innovations Ltd, Rousse, Bulgaria 2025